| 000 | 00630nam a22001935i 4500 | ||
|---|---|---|---|
| 001 | 154376 | ||
| 003 | ES-MaACL | ||
| 005 | 20230906205711.0 | ||
| 008 | 040707m18771879it |||| | ita d | ||
| 040 |
_aCAM _bspa _cCAM |
||
| 080 | _a821.131.1-22"17" | ||
| 100 | 1 |
_aGoldoni, Carlo ( _d1707-1793) _957673 |
|
| 245 | 1 | 0 |
_aCommedie scelte / _cdi Carlo Goldoni. |
| 250 | _a2ª ed. stereotipa. | ||
| 260 |
_aMilano : _bEdoardo Sonzogno, editore, _c1877-1879. |
||
| 300 |
_a5 v. ; _c18 cm. |
||
| 595 | _aEn la mención de ed. sólo consta 2ª en el t. primero. | ||
| 852 |
_aES-MaACL _jG-10409-12 _z-- Enc. hol. _q-- Falta el t. II |
||
| 999 |
_c154376 _d154376 |
||